000 00652nam a2200193 i 4500
001 167829
003 ES-MaACL
005 20250929063250.0
008 050929s1900 fr | |||||||| ||fre d
040 _aCAM
_bspa
_cCAM
100 1 _aWaldeck-Rousseau, Pierre,
_d1846-1904
_9115894
245 1 0 _aQuestions sociales /
_cWaldeck-Rousseau.
260 _aParis :
_bEugène Fasquelle, éditeur,
_c1900 (
_fL. Maretheux)
300 _aVIII, 378 p. ;
_c19 cm.
595 _aEn port. consta: Deuxième mille.
651 4 _aFrancia-
_xHistoria-
_y1870-1940, III República
_98697
852 _aES-MaACL
_jD-4771
_z-- Rúst.
999 _c167829
_d167829